• 首页
  • 本馆介绍
  • 公告通知
  • 最新文献
  • 馆藏检索
  • 电子资源
  • 读者导购
  • 参考咨询
  • 我的图书馆
  • 登录
  • 详细信息显示
  • 放入我的书架
  • 预约/预借图书
  • 作者相关作品
  • 分类相关作品
  • 丛书相关作品
  • 出版社相关作品

书目信息

  • 表格格式
  • 工作单格式
  • 卡片格式
题名:
电机原理及应用
    
 
作者: ;芜湖机械学校 主编
分册:  
出版信息: 北京   机械工业出版社  1979
页数: 291页
开本: 26cm
丛书名:
单 册:
中图分类: TM301
科图分类:
主题词: 电机--专业学校--教材 , 电机
电子资源:
ISBN:
000 00653nam0 2200229 45
001 0179008941
005 20060515164115.65
010    @dCNY1.40
100    @a19950922d1979 em y0chiy0121 ea
101 0  @achi
102    @aCN@b110000
105    @ay z 000yy
200 10 @a电机原理及应用@Adian ji yuan li ji ying yong@f芜湖机械学校主编@Fwu hu ji xie xue xiao zhu bian
210    @a北京@c机械工业出版社@d1979
215    @a291页@d26cm
300    @a中等专业学校试用教材
606    @a电机@x专业学校@x教材
606 0  @a电机
690    @aTM301@v4
711 02 @a芜湖机械学校@Awu hu ji xie xue xiao@4主编
801  0 @aCN@bNLC@c20060515
905    @dTM301@e15
    
    电机原理及应用/芜湖机械学校主编.-北京:机械工业出版社,1979
    291页;26cm
    中等专业学校试用教材
    
    ISBN :CNY1.40
    
●
相关链接 在E读中查询图书 在五车中查询图书 在当当中查询图书 在豆瓣中查询图书


正题名:电机原理及应用     索取号:TM301/15         预约/预借

序号 登录号 条形码 馆藏地/架位号 状态 备注
1 0033068   202338158   密集书库/ [索取号:TM301/15] 在馆    
2 0033069   202338130   密集书库/ [索取号:TM301/15] 在馆    
3 0033070   202338149   密集书库/ [索取号:TM301/15] 在馆    
4 0033072   001344423   第二样本阅览室/ [索取号:TM301/15] 在馆    
5 0033073   202338121   密集书库/ [索取号:TM301/15] 在馆    
唐山师范学院图书馆 欢迎您!
大连网信软件有限公司© 版权所有